000 00571nam a22002177a 4500
003 UA-OsUOA
001 103699
007 ta
008 20131119b un ||||| |||| 00| 0 ukr d
100 _aМацієвський Ю.
090 _a32
_bМ36
942 _cSA
040 _aUA-OsUOA
_bukr
_cUA-OsUOA
_dUA-OsUOA
245 _aУкраїна після Вільнюса: як виживатиме режим
300 _aС.6-10
955 _a0
041 _aukr
080 _a32
773 0 _w103698
_tКритика
_dК.
_d2013
_g8
650 7 _a32 Політика
_2UDC
999 _c390076
_d390076